Missing Word: Friends Quotes (A-Z) Quiz Stats

Quiz Updated Dec 31, 2015

Challenge
Share
Tweet
Score 0/26 Timer 05:00
1 Play Today
Quote Missing Word % Correct
B) We were on a _____!Break
93%
F) Joey doesn't share ____!Food
88.3%
J) Chandler, we've talked about this: you're not supposed to give people advice! Couldn't you've made some inappropriate ____?Joke
87.1%
H) You know honey, there is a thin line between love and ____, and it turns out that line... is a scarf!Hate
85.7%
Y) How ___ Doin'?You
84.3%
U) Oh, look. ____ Naked Guy is decorating his Christmas tree. Wow, you should see the size of his Christmas balls.Ugly
83.8%
T) You don't own a __? What's all your furniture pointing at?TV
83.6%
Q) I wanna ____ the gym!Quit
83.1%
I) Let me go and get my whip... You know, because of the ______ Jones thing. Not because I'm into S&M.Indiana
82.6%
M) I grew up in a house with ______, okay. If you didn't eat fast, you didn't eat.Monica
82.3%
D) All right, kids, I gotta get to work. If I don't input those numbers... it doesn't make much of a __________.Difference
81.7%
Z) You waited too long and now you're in 'The Friend ____'. Zone
81.6%
E) If you want to receive _____ about my upcoming shows, then please give me money so I can buy a computer. E-mails
78.9%
Quote Missing Word % Correct
S) A no ___ pact huh? I actually have one of those going on with every woman in America?Sex
78%
W) Oh, are you setting Ross up with someone? Does she have a _______ dress? Wedding
71.3%
V) Pack your things, we're going to _____.Vegas
66.8%
K) Joey ate my last stick of gum, so I ______ him. Do you think that was wrong?Killed
66.5%
O) It’s a moo point. It’s like a cow’s _______; it doesn’t matter. It’s moo.Opinion
65.7%
G) You, behind the _____! Who are you looking at! I always wanted to say that when I was in one of these rooms, .. which was never!Glass
64.8%
C) Why do you have to break up with her? Be a man. Just stop ______.Calling
62.9%
X) I hate his underwear. One time I brought a pair marked __ and let me tell you there's no room for anything excess in there. XS
55.1%
P) Come on Ross, you’re a ______________, dig a little deeper.Paleontologist
53.3%
A) Well, I’m sorry if I’m not a middle-aged black woman. And I’m also sorry if sometimes I go to the wrong ________.Audition
52.4%
L) Fine. No one ever _______ to me. If the package is this pretty, no one cares what's inside.Listens
45.1%
N) Third divorce: they shouldn't let you get married when you're that drunk and have stuff drawn all over your face, ______'s fault. Nevada
39.9%
R) Well, I'm a pacifist. But, when the _________ comes, I'll destroy all of you. Except for you, Joey.Revolution
33.3%

Today's Daily Dose

You're not logged in!

Compare scores with friends on all Sporcle quizzes.
Join for Free
OR
Log In

You Might Also Like...

Show Comments

Extras

Top Quizzes Today


Score Distribution

Your Account Isn't Verified!

In order to create a playlist on Sporcle, you need to verify the email address you used during registration. Go to your Sporcle Settings to finish the process.

Report this User

Report this user for behavior that violates our Community Guidelines.

Details: